[Event "Mechanics' Bedjanian TNM; G/2 d/5"]
[Site "San Francisco"]
[Date "2018.10.30"]
[Round "2.39"]
[White "Soffer, Aaron"]
[Black "Furukawa, Jon"]
[Result "1/2-1/2"]
[WhiteElo "1260"]
[BlackElo "1534"]
[PlyCount "63"]
[EventDate "2018.??.??"]
[Source "ChessBase"]
[SourceDate "2007.09.04"]

1. e4 e5 2. Nf3 Nc6 3. Nc3 Nf6 4. d4 exd4 5. Nxd4 d6 6. h3 Be7 7. Bb5 Bd7 8.
Nxc6 bxc6 9. Bc4 O-O 10. O-O Be6 11. Bd3 Qd7 12. Qf3 c5 13. b3 c6 14. Rd1 Qc7
15. Bf4 Nd7 16. Qg3 Ne5 17. Bxe5 dxe5 18. Bc4 Bxc4 19. bxc4 Rad8 20. Rxd8 Rxd8
21. Rd1 Rd4 22. Rxd4 cxd4 23. Ne2 c5 24. c3 Bd6 25. cxd4 cxd4 26. f4 exf4 27.
Qd3 Qb6 28. Kh1 f6 29. Nxd4 Bc5 30. Nb3 Qd6 31. Qd5+ Qxd5 32. exd5 {
The game was eventually drawn. The remaining moves are unavailable.} 1/2-1/2

[Event "Mechanics' Bedjanian TNM; G/2 d/5"]
[Site "San Francisco"]
[Date "2018.12.04"]
[Round "7.36"]
[White "Soffer, Aaron"]
[Black "Morgan, Jerry"]
[Result "0-1"]
[WhiteElo "1260"]
[BlackElo "1481"]
[PlyCount "106"]
[EventDate "2018.??.??"]
[Source "ChessBase"]
[SourceDate "2007.09.04"]

1. e4 Nf6 2. Nc3 e5 3. Nf3 Nc6 4. d4 Bb4 5. Bg5 h6 6. Bxf6 Qxf6 7. d5 Ne7 8.
Bb5 O-O 9. O-O a6 10. Bc4 Qf4 11. Qd3 d6 12. Ne2 Qf6 13. a3 Bc5 14. b4 Bb6 15.
Ba2 Ng6 16. c4 Bg4 17. Nd2 Bxe2 18. Qxe2 Nf4 19. Qf3 Qg5 20. Nb3 f5 21. Rae1
Rf6 22. c5 Ba7 23. Bb1 fxe4 24. Bxe4 Kh8 25. Qg3 Qxg3 26. hxg3 Nh5 27. Kh2 g5
28. g4 Ng7 29. Kg3 Raf8 30. f3 b6 31. cxd6 Rxd6 32. Kf2 Ne8 33. Ke2 Nf6 34. Rd1
Rfd8 35. Rc1 Bb8 36. Rc6 Kg7 37. Rxd6 Rxd6 38. Rd1 h5 39. gxh5 Nxh5 40. Kf2 Nf6
41. Nc1 Ba7 42. g4 b5+ 43. Ke2 Bd4 44. Nb3 Nxd5 45. Bxd5 Rxd5 46. Ke1 Bc3+ 47.
Ke2 c6 48. Nc5 a5 49. Ne6+ Kf6 50. Nc7 Rxd1 51. Kxd1 axb4 52. axb4 Bxb4 53. Na6
Bd6 0-1

[Event "Mechanics' Spring TNM; G/2 d5"]
[Site "San Francisco"]
[Date "2018.03.27"]
[Round "2.38"]
[White "Soffer, Aaron"]
[Black "Morgan, Jerry D"]
[Result "1-0"]
[WhiteElo "1255"]
[BlackElo "1586"]
[PlyCount "25"]
[EventDate "2018.??.??"]
[Source "ChessBase"]
[SourceDate "2007.09.04"]

1. e4 Nf6 2. Nc3 e5 3. Nf3 Nc6 4. d4 Bb4 5. Nxe5 Qe7 6. Be2 Nxe5 7. dxe5 Qxe5
8. Bd2 Bxc3 9. Bxc3 Qxe4 10. O-O Qg6 11. Bd3 Qg5 12. Re1+ Kf8 13. Qe2 1-0

[Event "Mechanics' Bedjanian TNM; G/2 d/5"]
[Site "San Francisco"]
[Date "2018.11.13"]
[Round "4.41"]
[White "Soffer, Aaron"]
[Black "Olson, David R"]
[Result "0-1"]
[WhiteElo "1260"]
[BlackElo "1400"]
[Annotator "Winslow,Elliott"]
[PlyCount "64"]
[EventDate "2018.??.??"]
[Source "ChessBase"]
[SourceDate "2007.09.04"]

1. e4 c5 2. d4 cxd4 3. c3 e5 $2 (3... dxc3) (3... Nf6) 4. Nf3 (4. cxd4) 4...
Nf6 5. Bg5 Be7 6. Bxf6 Bxf6 7. cxd4 exd4 8. Nxd4 (8. e5) 8... Nc6 9. Nxc6 bxc6
10. Nc3 Rb8 11. Qc2 O-O 12. Bd3 Bb7 13. O-O Qa5 14. Rac1 Qh5 15. Qe2 Qh6 16. f4
Bd4+ 17. Kh1 a5 18. Rf3 g6 19. Rcf1 Rfe8 20. Rh3 Qg7 21. f5 g5 22. Qh5 Be5 23.
f6 Qg6 24. Qxg6+ hxg6 25. Na4 Ba8 26. b3 d6 27. Be2 c5 28. Bd3 Re6 29. Rhf3 Bd4
30. h3 d5 31. e5 Rxe5 32. Bxg6 $6 fxg6 {
Scoresheets are by now both unreadable. 0-1, 60 or so.} 0-1

[Event "Mechanics' Spring TNM; G/2 d5"]
[Site "San Francisco"]
[Date "2018.03.20"]
[Round "1.34"]
[White "Soffer, Caroline"]
[Black "Singh, Amitoj P"]
[Result "0-1"]
[WhiteElo "1040"]
[BlackElo "1710"]
[PlyCount "68"]
[EventDate "2018.??.??"]
[Source "ChessBase"]
[SourceDate "2007.09.04"]

1. e4 e5 2. Nf3 Nc6 3. Bc4 Bc5 4. d3 Nge7 5. Nc3 d6 6. h3 Na5 7. Bb3 Nxb3 8.
axb3 c6 9. d4 exd4 10. Nxd4 O-O 11. O-O Ng6 12. Nf3 a6 13. Qe2 Re8 14. Rd1 Qf6
15. Bg5 Qe6 16. Kh2 d5 17. exd5 Qxe2 18. Nxe2 Rxe2 19. Ra5 Bb6 20. Ra4 cxd5 21.
Rxd5 Be6 22. Rd3 Rxc2 23. Be3 Bxe3 24. fxe3 Bf5 25. Rdd4 Rxb2 26. Rab4 b5 27.
Rd1 h6 28. Nd4 Be4 29. Rg1 Nh4 30. Kg3 Nxg2 31. Kg4 Re8 32. Nf3 Nxe3+ 33. Kf4
Nd5+ 34. Kg3 Nxb4 0-1

[Event "Mechanics' Spring TNM; G/2 d5"]
[Site "San Francisco"]
[Date "2018.04.10"]
[Round "4.50"]
[White "Soffer, Caroline"]
[Black "Zulkhuu, Jamyandagva"]
[Result "0-1"]
[WhiteElo "1040"]
[BlackElo "1393"]
[Annotator "Donaldson"]
[PlyCount "80"]
[EventDate "2018.??.??"]
[Source "ChessBase"]
[SourceDate "2007.09.04"]

1. e4 e5 2. Nf3 Nc6 3. Bc4 Bc5 4. Nc3 Nf6 5. d3 O-O 6. Bg5 d6 7. Nd5 Bg4 8. h3
Bh5 9. g4 Bg6 10. c3 h6 11. Bh4 Bh7 12. Qd2 g5 $2 13. Nxg5 $1 (13. Bxg5 hxg5
14. Qxg5+) 13... Nxd5 14. exd5 $2 (14. Nf3 $1 Nde7 15. Qxh6 $18) 14... hxg5 15.
Bxg5 f6 16. dxc6+ Kh8 $2 (16... d5 $1) 17. Bh6 Re8 18. O-O-O bxc6 19. f3 d5 20.
Bb3 a5 21. Rhg1 a4 22. Bc2 Bxg1 23. Rxg1 c5 24. g5 Rg8 25. h4 Qe8 26. Rg2 Qh5
27. g6 Rxg6 28. Be3 Rxg2 29. Qxg2 Rg8 30. Qh3 Bf5 31. Qh2 c4 32. Qd2 Qxf3 33.
Bxa4 Bxd3 34. Bc5 Qh5 35. Qf2 Qf5 36. Qd2 Qh5 37. Qf2 f5 38. Bd1 Qh6+ 39. Be3
f4 40. Bd2 Rf8 0-1

[Event "Mechanics' Bedjanian TNM; G/2 d/5"]
[Site "San Francisco"]
[Date "2018.12.11"]
[Round "8.42"]
[White "Soffer, Josiah"]
[Black "Bryan, Robert R"]
[Result "1/2-1/2"]
[WhiteElo "847"]
[BlackElo "336"]
[PlyCount "91"]
[EventDate "2018.??.??"]
[Source "ChessBase"]
[SourceDate "2007.09.04"]

1. e4 c5 2. Nf3 d6 3. Bc4 e6 4. Nc3 a6 5. d3 Nf6 6. O-O Be7 7. Bf4 O-O 8. Re1
h6 9. e5 Nfd7 10. exd6 Bf6 11. Be5 Nxe5 12. Nxe5 Bxe5 13. Rxe5 Re8 14. Rxc5
Qxd6 15. Qh5 b6 16. Ne4 Qd7 17. Re5 Nc6 18. Bxe6 fxe6 19. Qg4 Nxe5 20. Qg3 Bb7
21. Nf6+ Kf7 22. Nxd7 Nxd7 23. Qf4+ Nf6 24. Qc7+ Re7 25. Qxb6 Rb8 26. Qa7 Rbe8
27. Re1 Bc8 28. Qe3 h5 29. f3 h4 30. g4 Nxg4 31. Qf4+ Nf6 32. Qxh4 g5 33. Qxg5
Rg8 34. Qxg8+ Kxg8 35. Re5 Bb7 36. h4 Bxf3 37. Kf2 Bg4 38. Rg5+ Rg7 39. Rc5 a5
40. Rc8+ Kh7 41. Rf8 Kg6 42. b4 a4 43. b5 a3 44. b6 Bd1 45. c4 Bg4 46. c5
1/2-1/2

[Event "Mechanics' Vartan Bedjanian TNM; G/2 d/"]
[Site "San Francisco"]
[Date "2018.11.07"]
[Round "3.46"]
[White "Soffer, Josiah"]
[Black "Chambers, Don"]
[Result "0-1"]
[WhiteElo "847"]
[BlackElo "1047"]
[PlyCount "84"]
[EventDate "2018.??.??"]
[Source "ChessBase"]
[SourceDate "2007.09.04"]

1. e4 e5 2. Nf3 Nc6 3. Nc3 Nf6 4. Bc4 h6 5. O-O Bc5 6. d3 O-O 7. Re1 a6 8. Na4
Ba7 9. Nc3 Qe7 10. Bd2 Ng4 11. h3 Nxf2 12. Qe2 Nxe4+ 13. Kh1 Ng3+ 14. Kh2 Nxe2
15. Rxe2 Qd6 16. Ne4 Qe7 17. g4 Nd4 18. Nxd4 exd4 19. Ng3 Qd6 20. h4 Bb8 21.
Kh3 c5 22. Be1 Qf6 23. Rd1 d6 24. Rf2 Qd8 25. Rdd2 d5 26. Bb3 Qd7 27. Kg2 Qxg4
28. c3 Bxg3 29. Bd1 Qh3+ 30. Kg1 Re8 31. Rf1 Bxe1 32. Rh2 Qxd3 33. Bh5 g6 34.
Bf3 Re3 35. Bxd5 Be6 36. Bxb7 Rg3+ 37. Rg2 Rb8 38. Rxe1 Rxb7 39. h5 g5 40. Rf1
Rxb2 41. Rxg3 Qxg3+ 42. Kh1 Qg2# 0-1

[Event "Mechanics' Bedjanian TNM; G/2 d/5"]
[Site "San Francisco"]
[Date "2018.11.13"]
[Round "4.25"]
[White "Soffer, Josiah"]
[Black "Furukawa, Jon"]
[Result "0-1"]
[WhiteElo "847"]
[BlackElo "1534"]
[PlyCount "32"]
[EventDate "2018.??.??"]
[Source "ChessBase"]
[SourceDate "2007.09.04"]

1. e4 e5 2. Nf3 Nc6 3. Bc4 Bc5 4. O-O Nf6 5. Nc3 O-O 6. d3 h6 7. Re1 d6 8. h4
Bg4 9. Qd2 Bxf3 10. gxf3 Nd4 11. Qd1 Nh5 12. f4 Nxf4 13. Bxf4 exf4 14. Kf1 f3
15. a3 Qxh4 16. e5 Qh1# 0-1

[Event "Mechanics' Walter Shipman TNM G/2 d/5"]
[Site "San Francisco"]
[Date "2018.10.02"]
[Round "9.13"]
[White "Standen, Julian"]
[Black "Harris, John"]
[Result "0-1"]
[WhiteElo "1613"]
[BlackElo "1841"]
[PlyCount "104"]
[EventDate "2018.??.??"]
[Source "ChessBase"]
[SourceDate "2007.09.04"]

1. d4 d5 2. Nf3 Nf6 3. e3 e6 4. Bd3 Be7 5. Nbd2 O-O 6. O-O Nbd7 7. e4 dxe4 8.
Nxe4 b6 9. Bf4 Bb7 10. Qe2 Rc8 11. c3 Nxe4 12. Bxe4 Bxe4 13. Qxe4 Nf6 14. Qe2
c5 15. Rad1 cxd4 16. Rxd4 Qe8 17. Rfd1 Bc5 18. R4d3 Nd5 19. Bg3 Qa4 20. a3 a5
21. Ne5 Nf4 22. Bxf4 Qxf4 23. Nd7 Rfe8 24. Nxc5 Rxc5 25. Qd2 Qxd2 26. R1xd2 a4
27. f4 Kf8 28. Kf2 Ke7 29. Rd7+ Kf6 30. Rb7 b5 31. Rdd7 Rf8 32. Ke3 h5 33. g3
g5 34. h4 gxf4+ 35. gxf4 Rf5 36. Ke4 Kg6 37. Rd2 Rc8 38. Rbd7 Kf6 39. Rg2 Rc6
40. Rg5 Rc4+ 41. Rd4 Rcc5 42. Rxf5+ Rxf5 43. Rd6 Ke7 44. Rd4 Rc5 45. Rb4 Kd6
46. Rd4+ Kc7 47. Rb4 Kc6 48. Rd4 f5+ 49. Ke3 Rd5 50. Kd3 Kc5 51. Ke3 Rxd4 52.
cxd4+ Kc4 0-1

[Event "Mechanics' Shipman TNM; G/2 d/5"]
[Site "San Francisco"]
[Date "2018.09.18"]
[Round "7.28"]
[White "Standen, Julian"]
[Black "James, Charles"]
[Result "1-0"]
[WhiteElo "1613"]
[BlackElo "1406"]
[PlyCount "33"]
[EventDate "2018.??.??"]
[Source "ChessBase"]
[SourceDate "2007.09.04"]

1. d4 d5 2. Nf3 Nf6 3. e3 Bf5 4. Bd3 Bxd3 5. Qxd3 Nbd7 6. O-O e6 7. Nbd2 c5 8.
c3 Bd6 9. e4 dxe4 10. Nxe4 Nxe4 11. Qxe4 Qc7 12. Bg5 O-O 13. Rad1 Rae8 14. Rfe1
f6 15. Be3 e5 16. Qd3 e4 17. dxc5 {
I will just say "scoresheet incomprehensible" and move on...it was 1-0 24} 1-0

[Event "Mechanics' Winter TNM; G/2 d5"]
[Site "San Francisco"]
[Date "2018.02.20"]
[Round "7.18"]
[White "Standen, Julian"]
[Black "Jensen, Christian"]
[Result "1/2-1/2"]
[WhiteElo "1600"]
[BlackElo "1821"]
[PlyCount "72"]
[EventDate "2018.??.??"]
[Source "ChessBase"]
[SourceDate "2007.09.04"]

1. d4 Nf6 2. Nf3 g6 3. Bg5 Bg7 4. Nbd2 d6 5. e4 O-O 6. Be2 c5 7. dxc5 dxc5 8.
c3 Nc6 9. O-O Qc7 10. Qc2 Bd7 11. Nc4 h6 12. Bh4 Nh5 13. Ne3 g5 14. Bg3 Nxg3
15. hxg3 Be6 16. g4 a6 17. Rfd1 Rfd8 18. Nf5 Bf8 19. Qc1 f6 20. Qc2 Rxd1+ 21.
Rxd1 Rd8 22. Rxd8 Qxd8 23. a3 a5 24. Qd2 Bf7 25. Qxd8 Nxd8 26. Kf1 Kh7 27. Bd3
c4 28. Bc2 e5 29. Nd2 b5 30. Ke2 Kg6 31. g3 a4 32. Bd1 Nb7 33. Nf1 Nc5 34. N1e3
h5 35. gxh5+ Kxh5 36. g4+ Kg6 1/2-1/2

[Event "Mechanics' Winter TNM; G/2 d5"]
[Site "San Francisco"]
[Date "2018.02.06"]
[Round "5.35"]
[White "Standen, Julian"]
[Black "Revi, Frank"]
[Result "1-0"]
[WhiteElo "1600"]
[BlackElo "1256"]
[PlyCount "49"]
[EventDate "2018.??.??"]
[Source "ChessBase"]
[SourceDate "2007.09.04"]

1. d4 Nf6 2. Nf3 e6 3. e3 c5 4. c3 Nc6 5. Bd3 d5 6. Nbd2 Be7 7. O-O Qc7 8. dxc5
e5 9. e4 Bxc5 10. exd5 Nxd5 11. Ne4 Be7 12. Bg5 Nd8 13. Re1 O-O 14. Bxe7 Qxe7
15. Ng3 f6 16. Bc4 Be6 17. Bxd5 Nf7 18. Bxe6 Qxe6 19. Qb3 Qc6 20. Rad1 Kh8 21.
Rd5 Ng5 22. Nxg5 fxg5 23. Rdxe5 g6 24. Re7 Qf6 25. Qc2 1-0

[Event "Mechanics' Shipman TNM; G/2 d/5"]
[Site "San Francisco"]
[Date "2018.09.04"]
[Round "5.36"]
[White "Standen, Julian"]
[Black "Sikes, Stephen"]
[Result "1/2-1/2"]
[WhiteElo "1613"]
[BlackElo "1349"]
[PlyCount "118"]
[EventDate "2018.??.??"]
[Source "ChessBase"]
[SourceDate "2007.09.04"]

1. d4 Nf6 2. Nf3 d5 3. e3 Bg4 4. c4 e6 5. Qa4+ c6 6. Ne5 Nbd7 7. Nxg4 Nxg4 8.
Be2 Ngf6 9. Nc3 dxc4 10. Qxc4 Be7 11. O-O b5 12. Qd3 O-O 13. e4 Nb6 14. a3 a6
15. Be3 Qc7 16. Rad1 Rad8 17. Qb1 Rd7 18. b4 Rfd8 19. e5 Nfd5 20. Nxd5 Nxd5 21.
Qb3 f5 22. Bc1 a5 23. Bb2 axb4 24. axb4 Bxb4 25. Rc1 Qb6 26. Bf3 Be7 27. Rc2
Kf7 28. Rfc1 Nb4 29. Bxc6 Rxd4 30. Bxd4 Qxd4 31. Bf3 Nxc2 32. Qxc2 Qxe5 33. Kf1
b4 34. Qb3 Rd2 35. Re1 Rb2 36. Qc4 Qc5 37. Qxe6+ Kf8 38. Qe3 Qxe3 39. Rxe3 Bc5
40. Re2 Rb1+ 41. Re1 Rxe1+ 42. Kxe1 b3 43. Bd1 b2 44. Bc2 g6 45. f3 Ke7 46. Kd2
Bd4 47. Kd3 Bf6 48. h3 Kd6 49. Kc4 h6 50. Bb1 Ke5 51. Kd3 Kf4 52. Ke2 Kg3 53.
Kf1 Kf4 54. Ke2 h5 55. Bc2 h4 56. Bb1 g5 57. Bc2 g4 58. fxg4 fxg4 59. hxg4 Kxg4
1/2-1/2

[Event "Mechanics' Bedjanian TNM; G/2 d/5"]
[Site "San Francisco"]
[Date "2018.10.30"]
[Round "2.42"]
[White "Starr, Albert"]
[Black "Bayaraa, Timothy"]
[Result "0-1"]
[WhiteElo "1500"]
[BlackElo "1075"]
[PlyCount "40"]
[EventDate "2018.??.??"]
[Source "ChessBase"]
[SourceDate "2007.09.04"]

1. b4 e5 2. Bb2 Bxb4 3. Bxe5 Nf6 4. c4 Nc6 5. Bc3 d5 6. e3 Be6 7. cxd5 Nxd5 8.
Bxg7 Rg8 9. Bc3 Nxc3 10. Nxc3 Bxc3 11. dxc3 Qf6 12. Qc1 O-O-O 13. g3 Bd5 14. f3
Bxf3 15. Nxf3 Qxf3 16. Rg1 Ne5 17. Be2 Nd3+ 18. Bxd3 Rxd3 19. Qa3 Rxe3+ 20. Kd2
Qf2+ 0-1

[Event "Mechanics' Bedjanian TNM; G/2 d/5"]
[Site "San Francisco"]
[Date "2018.12.04"]
[Round "7.37"]
[White "Starr, Albert"]
[Black "Brock, William H"]
[Result "0-1"]
[WhiteElo "1500"]
[BlackElo "2051"]
[PlyCount "74"]
[EventDate "2018.??.??"]
[Source "ChessBase"]
[SourceDate "2007.09.04"]

1. e3 Nf6 2. Nf3 b6 3. g3 Bb7 4. Bg2 e6 5. d4 Be7 6. Nbd2 O-O 7. O-O c5 8. dxc5
bxc5 9. b3 Nd5 10. Bb2 Bf6 11. Bxf6 Nxf6 12. Nh4 Bxg2 13. Nxg2 d5 14. c4 d4 15.
exd4 cxd4 16. Nf3 Nc6 17. Re1 Re8 18. Ne5 Nxe5 19. Rxe5 Qd6 20. Re2 Rad8 21.
Nf4 e5 22. Nd3 e4 23. Nb2 d3 24. Re3 Qd4 25. Rb1 h5 26. h3 h4 27. g4 Nh7 28.
Qd2 Ng5 29. Kg2 Nf3 30. Qa5 Qd6 31. Rh1 Qf6 32. Nd1 d2 33. Qc3 Ne1+ 34. Kf1 Qf4
35. c5 Rd3 36. Rxd3 exd3 37. Qc4 Qf3 0-1

[Event "Mechanics' Winter TNM; G/2 d5"]
[Site "San Francisco"]
[Date "2018.02.13"]
[Round "6.42"]
[White "Starr, Albert"]
[Black "Cowgill, Jackie"]
[Result "1-0"]
[WhiteElo "1531"]
[BlackElo "927"]
[Annotator "Donaldson"]
[PlyCount "71"]
[EventDate "2018.??.??"]
[Source "ChessBase"]
[SourceDate "2007.09.04"]

1. b4 e5 2. Bb2 Bxb4 3. Bxe5 Nf6 4. c4 O-O 5. e3 Nc6 6. Bc3 d5 7. Bxb4 Nxb4 8.
a3 Nc6 9. cxd5 Nxd5 10. Bb5 Qf6 $1 11. Bxc6 {Diagram [#]} Qxc6 (11... bxc6 12.
d4 {attacking with ...Bg4 or ...Ba6 as followups is difficult to meet.} Qg6)
12. Ne2 Nf6 13. O-O a6 14. Nbc3 Be6 15. Nd4 Qd7 16. Qf3 c6 17. Rfb1 Rab8 18.
Rb2 c5 19. Nde2 b5 20. Rab1 h6 21. d4 b4 $2 (21... Bg4 22. Qf4 Bxe2 23. Nxe2 c4
$15) 22. dxc5 $2 bxc3 (22... Bg4 23. Qf4 bxc3 24. Rxb8 Bxe2 $17) 23. Rxb8 Rxb8
24. Rxb8+ Kh7 25. Nxc3 Nd5 $2 (25... Qd2 26. Qd1 Qxc3 27. Qb1+ g6 28. h3 Qxc5
$11) 26. Ne4 Qc7 27. Qg3 g6 28. Qxc7 Nxc7 29. Nd6 Kg7 30. Ne8+ Nxe8 31. Rxe8
Kf6 32. c6 Ke5 33. c7 Kd6 34. c8=Q Bxc8 35. Rxc8 Kd7 36. Rc1 1-0

[Event "Mechanics' Winter TNM; G/2 d5"]
[Site "San Francisco"]
[Date "2018.02.20"]
[Round "7.25"]
[White "Starr, Albert"]
[Black "Lucas, Jemorio"]
[Result "0-1"]
[WhiteElo "1531"]
[BlackElo "1123"]
[PlyCount "66"]
[EventDate "2018.??.??"]
[Source "ChessBase"]
[SourceDate "2007.09.04"]

1. b4 e5 2. Bb2 Bd6 3. Nf3 Qe7 4. c4 c6 5. c5 Bc7 6. e3 d6 7. cxd6 Bxd6 8. Be2
Nh6 9. O-O O-O 10. d3 Bf5 11. Nbd2 Nd7 12. a4 Bxb4 13. Nc4 f6 14. Rb1 Rad8 15.
Bc1 a5 16. Bd2 e4 17. dxe4 Bxe4 18. Rb2 c5 19. Nxa5 Ne5 20. Bxb4 $2 Rxd1 21.
Rxd1 cxb4 22. Nd2 Bd3 23. Ndb3 Bxe2 24. Rxe2 b6 25. f4 bxa5 26. fxe5 Qxe5 27.
h3 Nf5 28. Rd3 Re8 29. Red2 Qg3 30. Rd8 Rxd8 31. Rxd8+ Kf7 32. Rd3 Nxe3 33.
Nxa5 Qxg2# 0-1

[Event "Mechanics' Bedjanian TNM; G/2 d/5"]
[Site "San Francisco"]
[Date "2018.11.13"]
[Round "4.40"]
[White "Starr, Albert"]
[Black "Sloan, Sam"]
[Result "0-1"]
[WhiteElo "1500"]
[BlackElo "1908"]
[Annotator "Winslow,Elliott"]
[PlyCount "118"]
[EventDate "2018.??.??"]
[Source "ChessBase"]
[SourceDate "2007.09.04"]

1. e3 e5 2. d4 e4 3. Nc3 d5 4. g3 f5 5. Bd2 Nf6 6. Nge2 c6 7. Bg2 Bd6 8. Nf4
O-O 9. O-O Qe8 10. Qe2 g5 11. Nh3 Qg6 12. f3 exf3 13. Bxf3 g4 14. Nf4 gxf3 15.
Rxf3 Bxf4 16. exf4 Re8 17. Qg2 Be6 18. b3 Nbd7 19. Rc1 Ne4 20. Nxe4 fxe4 21.
Re3 Nf6 22. h3 Qh6 23. g4 Qg7 24. Rg3 Rf8 25. f5 Bd7 26. Be3 Kh8 27. Qd2 Rg8
28. Bh6 Qf7 29. c3 Rae8 30. Rf1 {[#]} e3 $1 31. Bxe3 $2 (31. Rxe3 Ne4 32. Qh2
Bxf5 33. Bf4 Qg7 34. Be5 Rxe5 35. Qxe5 Qxe5 36. dxe5 Bg6) 31... Ne4 32. Qh2
Nxg3 33. Qxg3 Re4 34. Bf4 Rge8 35. Be5+ Kg8 36. f6 Be6 37. Qf3 Qg6 38. Kh2 Kf7
39. Rg1 Rg8 40. Qg3 Bxg4 {
Probably seeing the liquidation into a won pawn ending!} ({But} 40... Qh6 $1 {
and *then* taking on g4 is crisper and crushing.}) 41. hxg4 Rxg4 42. Qxg4 Qxg4
43. Rxg4 Rxg4 44. c4 Ke6 45. cxd5+ cxd5 46. a3 Rg6 47. a4 Rxf6 48. Bxf6 Kxf6
49. Kg3 Kf5 50. Kf3 h5 51. b4 h4 52. b5 h3 53. Kg3 Ke4 54. Kxh3 Kxd4 55. Kg2
Kc4 56. Kf1 Kb4 57. Ke2 Kxa4 58. Kd3 Kxb5 59. Kd4 a5 0-1

[Event "Mechanics' Bedjanian TNM; G/2 d/5"]
[Site "San Francisco"]
[Date "2018.12.18"]
[Round "9.36"]
[White "Starr, Albert"]
[Black "Yamamoto, Craig"]
[Result "1-0"]
[WhiteElo "1500"]
[BlackElo "1510"]
[PlyCount "215"]
[EventDate "2018.??.??"]
[Source "ChessBase"]
[SourceDate "2007.09.04"]

1. e3 e5 2. d4 exd4 3. exd4 d5 4. Nf3 Nf6 5. Be2 Be7 6. Bg5 O-O 7. h3 Re8 8.
O-O b6 9. Nbd2 c6 10. Re1 Nbd7 11. c3 Qc7 12. Bd3 Bb7 13. Qc2 Bd6 14. Rxe8+
Rxe8 15. Re1 Rxe1+ 16. Nxe1 Qd8 17. Bxh7+ Kh8 18. Bf5 Qe8 19. Nef3 b5 20. Nf1
Qf8 21. Qe2 Qb8 22. Bxf6 Nxf6 23. Ne5 Kg8 24. Ng3 Qd8 25. f4 Qe8 26. Nd3 Qb8
27. Ne5 Qd8 28. Bg4 a5 29. Nf5 Bb8 30. Nd3 Nxg4 31. hxg4 Kf8 32. Qf2 Bc8 33.
Ne5 Qf6 34. Qh4 Qxh4 35. Nxh4 Bxe5 36. fxe5 Bxg4 37. Kf2 Ke7 38. a3 a4 39. Kg3
Bd7 40. Kf4 f6 41. Nf5+ Kf8 42. exf6 gxf6 43. g4 Kf7 44. Nd6+ Kg6 45. Nb7 Kf7
46. Nc5 Bc8 47. Nd3 Bd7 48. g5 Kg6 49. gxf6 Kxf6 50. Ne5 Be8 51. Ng4+ Ke6 52.
Kg5 Kd6 53. Kf6 Bh5 54. Ne3 Bf3 55. Nf5+ Kd7 56. Ke5 Bg4 57. Nd6 Bf3 58. Nb7
Bg4 59. Nc5+ Kc7 60. Nd3 Kd7 61. Nf4 Bf3 62. Ng6 Bh5 63. Nf8+ Ke7 64. Nh7 Bf3
65. Nf6 Bg2 66. Ng8+ Kd7 67. Nf6+ Ke7 68. Ng4 Bf3 69. Ne3 Bh1 70. Nf5+ Kd7 71.
Kf6 Be4 72. Ng7 Bg2 73. Nh5 Bf3 74. Ng3 Bg2 75. Ke5 Bh3 76. Ne2 Bg2 77. Nf4 Bf3
78. Nd3 Bg2 79. Nc5+ Ke7 80. Nb7 Bf3 81. Na5 Kd7 82. Nb7 Bg2 83. Nd6 Ke7 84.
Nf5+ Kd7 85. Ne3 Bf3 86. Kf4 Be4 87. Ng4 Kd6 88. Nf6 Bg6 89. Kg5 Bf7 90. Ng4
Be6 91. Ne5 Bh3 92. Kf6 Be6 93. Nxc6 Bd7 94. Ne5 Be6 95. Nd3 Bg4 96. Nc5 Bh5
97. b3 axb3 98. Nxb3 Bf3 99. Nc5 Be2 100. Kf7 Bf1 101. Ke8 Bc4 102. Kd8 Kc6
103. Na6 Bb3 104. Kc8 Bd1 105. Kb8 Bb3 106. Ka7 Bc4 107. Nb4+ Kc7 108. Ka6 1-0

[Event "Mechanics' Spring TNM; G/2 d5"]
[Site "San Francisco"]
[Date "2018.04.17"]
[Round "5.21"]
[White "Starr, Albert Mart"]
[Black "Cendejas, Juan Rod"]
[Result "0-1"]
[WhiteElo "1523"]
[BlackElo "1716"]
[PlyCount "54"]
[EventDate "2018.??.??"]
[Source "ChessBase"]
[SourceDate "2007.09.04"]

1. b4 b6 2. Bb2 Bb7 3. e3 e6 4. Nf3 Nf6 5. b5 a6 6. a4 axb5 7. axb5 Rxa1 8.
Bxa1 d5 9. Be2 Bd6 10. g3 O-O 11. O-O Nbd7 12. d3 e5 13. c4 Qe7 14. Nbd2 h6 15.
Nh4 Qe6 16. f4 exf4 17. exf4 Qe3+ 18. Rf2 Bc5 19. Qe1 Ng4 20. Nf1 Qxf2+ 21.
Qxf2 Bxf2+ 22. Kh1 dxc4+ 23. Ng2 Ndf6 24. h3 Ne3 25. Nfxe3 Bxe3 26. Be5 cxd3
27. Bxd3 Rd8 0-1

[Event "Mechanics' Shipman TNM; G/2 d/5"]
[Site "San Francisco"]
[Date "2018.08.28"]
[Round "4.28"]
[White "Starr, Albert Mart"]
[Black "Harris, John"]
[Result "1/2-1/2"]
[WhiteElo "1502"]
[BlackElo "1841"]
[PlyCount "99"]
[EventDate "2018.??.??"]
[Source "ChessBase"]
[SourceDate "2007.09.04"]

1. b4 e6 2. Bb2 Nf6 3. b5 d5 4. e3 c5 5. c4 Be7 6. Nf3 Nbd7 7. d3 dxc4 8. dxc4
Qc7 9. Be2 O-O 10. O-O b6 11. Nbd2 Bb7 12. a4 Bd6 13. g3 Rad8 14. Ra3 Ne4 15.
Nxe4 Bxe4 16. Qa1 f6 17. Nd2 Bg6 18. a5 Be5 19. a6 Bxb2 20. Qxb2 Ne5 21. Nf3
Nf7 22. Nh4 Be4 23. f3 Ba8 24. Rd3 Rxd3 25. Bxd3 Ne5 26. Be2 Rd8 27. Qc2 g5 28.
Ng2 Rd6 29. f4 gxf4 30. exf4 Nd7 31. Bf3 Bxf3 32. Rxf3 Nf8 33. Rd3 Qd8 34. Ne1
Rd4 35. Qc3 e5 36. Rxd4 Qxd4+ 37. Qxd4 exd4 38. f5 Nd7 39. Nd3 Kf7 40. Kf2 h6
41. g4 Nf8 42. Nf4 Nd7 43. Nd3 Ne5 44. Nxe5+ fxe5 45. Kf3 Ke7 46. h4 Kf7 47. g5
Kg7 48. Ke4 hxg5 49. hxg5 Kf7 50. Kd3 1/2-1/2

[Event "Mechanics' Shipman TNM; G/2 d/5"]
[Site "San Francisco"]
[Date "2018.08.21"]
[Round "3.23"]
[White "Starr, Albert Mart"]
[Black "Karp, Richard M"]
[Result "0-1"]
[WhiteElo "1502"]
[BlackElo "1712"]
[PlyCount "78"]
[EventDate "2018.??.??"]
[Source "ChessBase"]
[SourceDate "2007.09.04"]

1. b4 e5 2. Bb2 f6 3. b5 d5 4. e3 Bd6 5. g3 Ne7 6. d3 O-O 7. Nd2 c6 8. c4 Be6
9. Ngf3 Qa5 10. Be2 cxb5 11. cxd5 Bxd5 12. e4 Be6 13. O-O Nbc6 14. Qb1 Rac8 15.
Rc1 Rfd8 16. Bc3 b4 17. Bb2 Bc5 18. Nb3 Bxb3 19. axb3 Qb6 20. Rf1 Nd4 21. Nxd4
Bxd4 22. Kg2 Nc6 23. f4 Bxb2 24. Qxb2 Nd4 25. Bd1 Rc3 26. fxe5 fxe5 27. Qf2 Rc7
28. Kh3 Qe6+ 29. g4 a6 30. Rb1 Rcc8 31. Rb2 Rf8 32. Qg1 Rxf1 33. Qxf1 Rf8 34.
Qe1 Qh6+ 35. Qh4 Qf4 36. Qe1 Rf6 37. Qg3 Qf1+ 38. Qg2 Rh6+ 39. Kg3 Qf4# 0-1